Personal promises from God's Word: (Record no. 12650)

000 -LEADER
fixed length control field 00588nam a2200193 a 4500
001 - CONTROL NUMBER
control field :::00010459$&:&@@
003 - CONTROL NUMBER IDENTIFIER
control field OkBaRHE
005 - DATE AND TIME OF LATEST TRANSACTION
control field 20000607103359.0
008 - FIXED-LENGTH DATA ELEMENTS--GENERAL INFORMATION
fixed length control field s1977 j 000 0 eng u
040 ## - CATALOGING SOURCE
Transcribing agency
100 1# - MAIN ENTRY--PERSONAL NAME
Personal name Humbard, Rex.
245 10 - TITLE STATEMENT
Title Personal promises from God's Word:
Remainder of title you can overcome.
260 ## - PUBLICATION, DISTRIBUTION, ETC. (IMPRINT)
Place of publication, distribution, etc Akron, OH., :
Name of publisher, distributor, etc The Rex Humbard Ministry
Date of publication, distribution, etc c1977
300 ## - PHYSICAL DESCRIPTION
Extent 90 p. ;
Dimensions 16 cm.
650 ## - SUBJECT ADDED ENTRY--TOPICAL TERM
Topical term or geographic name as entry element Christian Life
650 ## - SUBJECT ADDED ENTRY--TOPICAL TERM
Topical term or geographic name as entry element God Promises
942 ## - ADDED ENTRY ELEMENTS (KOHA)
Source of classification or shelving scheme
Koha item type Books
Copies
Damaged status Price effective from Source of classification or shelving scheme Date last seen Koha item type Copy number Full call number Shelving location Permanent Location Withdrawn status Barcode Lost status Not for loan Date acquired
 2010-04-14 2010-04-14Books1BV 4501 .H8General StacksRHEMA Bible Training College 10459  2010-04-14